000 00548nam a2200229 a 4500
001 nice12345678
003 IN_TiNIC
005 20260116013000.0
008 050524s1984 mosa grp 000 0 eng
020 _a
_c100
082 0 0 _a335.40297
_bBUR
100 _aBurkhanov, Shaukat
245 _aSoviet Power and Islam
260 _aMoscow
_bNovosti Press
_c1984
300 _a48p
500 _aincludes index and biblioraphy
505 2 _aBibliography
650 _aSocialism and Islam
902 _bSRS
942 _cBK
999 _c9157
_d9157